<?xml version="1.0" encoding="UTF-8"?>
<record
    xmlns:xsi="http://www.w3.org/2001/XMLSchema-instance"
    xsi:schemaLocation="http://www.loc.gov/MARC21/slim http://www.loc.gov/standards/marcxml/schema/MARC21slim.xsd"
    xmlns="http://www.loc.gov/MARC21/slim">

  <leader>01124cam2a220027700 4500</leader>
  <controlfield tag="001">qce01170121</controlfield>
  <controlfield tag="005">20190823103536.0</controlfield>
  <controlfield tag="008">760524s1961    sz ab    b    000 0 eng  </controlfield>
  <datafield tag="010" ind1=" " ind2=" ">
    <subfield code="a">   63025397</subfield>
  </datafield>
  <datafield tag="035" ind1=" " ind2=" ">
    <subfield code="a">(Sirsi) r13658</subfield>
  </datafield>
  <datafield tag="035" ind1=" " ind2=" ">
    <subfield code="a">(QCAT)lss01262436</subfield>
  </datafield>
  <datafield tag="035" ind1=" " ind2=" ">
    <subfield code="a">(UPRA)qce01170121</subfield>
  </datafield>
  <datafield tag="040" ind1=" " ind2=" ">
    <subfield code="d">UPRA</subfield>
  </datafield>
  <datafield tag="050" ind1="0" ind2=" ">
    <subfield code="a">QC88</subfield>
    <subfield code="b">.I58</subfield>
  </datafield>
  <datafield tag="110" ind1="2" ind2=" ">
    <subfield code="a">International Geographical Union.</subfield>
    <subfield code="6">A13180.1</subfield>
  </datafield>
  <datafield tag="245" ind1="1" ind2="0">
    <subfield code="a">Geographical conversion tables :</subfield>
    <subfield code="b">Tables de conversion geographiques. Geographische Umrechnungstafeln. Geograficheskie tablitsy perevoda. Tablas de conversiones geograficas /</subfield>
    <subfield code="c">compiled and edited by D.H.K. Amiran and A.P. Schick.</subfield>
  </datafield>
  <datafield tag="260" ind1=" " ind2=" ">
    <subfield code="a">Zurich,</subfield>
    <subfield code="c">1961.</subfield>
  </datafield>
  <datafield tag="500" ind1=" " ind2=" ">
    <subfield code="a">Errata sheet inserted.</subfield>
  </datafield>
  <datafield tag="500" ind1=" " ind2=" ">
    <subfield code="a">In English, French, German, Russian &amp; Spanish.</subfield>
  </datafield>
  <datafield tag="504" ind1=" " ind2=" ">
    <subfield code="a">Bibliographical footnotes.</subfield>
  </datafield>
  <datafield tag="650" ind1=" " ind2="0">
    <subfield code="a">Mensuration -- Conversion tables.</subfield>
    <subfield code="x">Mensuration -- Conversion tables.</subfield>
    <subfield code="6">S52462.1</subfield>
  </datafield>
  <datafield tag="700" ind1="1" ind2=" ">
    <subfield code="a">Amiran, David H. K., 1910-</subfield>
    <subfield code="d">Amiran, David H. K., 1910-</subfield>
    <subfield code="6">A69039.1</subfield>
  </datafield>
  <datafield tag="700" ind1="1" ind2=" ">
    <subfield code="a">Schick, A. P.</subfield>
    <subfield code="6">A69040.1</subfield>
  </datafield>
  <datafield tag="949" ind1=" " ind2=" ">
    <subfield code="a">QC88</subfield>
    <subfield code="w">lcc</subfield>
    <subfield code="i">33729000269048</subfield>
    <subfield code="m">MAIN</subfield>
    <subfield code="p">2500</subfield>
    <subfield code="t">BOOK</subfield>
    <subfield code="l">ON-SHELF</subfield>
  </datafield>
  <controlfield tag="004">13658</controlfield>
  <datafield tag="999" ind1=" " ind2=" ">
    <subfield code="c">149368</subfield>
    <subfield code="d">149368</subfield>
  </datafield>
</record>
